000
00310cam a22001217a 4500
008
180718b1977 xxu||||| |||| 00| 0 eng d
082
_a
B1 W944
100
_a
Wrong, Dennis H.
245
_a
Skeptical sociology
_c
by Dennis H. Wrong
260
_a
London
_b
Heinemann
_c
1977
300
_a
322p.
650
_a
Sociology
999
_c
356625
_d
356625